000 00530nam a2200181Ia 4500
001 12554
005 20260306162950.0
008 260306t2021||||xx |||||||||||||| ||spa||
041 _aESP
082 _aHR 348
_bMAR 2021 SL
110 _aGaceta Jurídica
245 0 _aSoluciones laborales:
_bsistema integral de información para jefes de recursos humanos, asesores legales, administradores y gerentes
260 _c2021
300 _a256 páginas :
_c26 cm.
650 _aGEN
654 _aCDE
942 _cREV
_dJUS
_fJUS
_2ddc
_n
999 _c12554
_d12554